000 00909cam a2200169 4500500
005 20260111093715.0
041 _afre
042 _adc
100 1 0 _aBressler, Sylvie
_eauthor
245 0 0 _aLa Goûteuse d’Hitler, Rosella Postorino, Trad. par Dominique Vittoz, Albin Michel, 2019, 400 p., 22 €
260 _c2019.
500 _a36
520 _aAprès la révolution iranienne, la souveraineté religieuse, représentée par les Gardiens de la révolution islamique, a pris le dessus sur la souveraineté populaire, qui n’a plus d’organisation.
520 _aAfter the Iranian revolution, religious sovereignty, represented by the Islamic Revolutionary Guards, overtook popular sovereignty, which has no organisation.
786 0 _nEsprit | Mars | 3 | 2019-02-28 | p. 137n-178n | 0014-0759
856 4 1 _uhttps://shs.cairn.info/revue-esprit-2019-3-page-137n?lang=fr&redirect-ssocas=7080
999 _c1627045
_d1627045